| 000 | 00506nam a22001577a 4500 | ||
|---|---|---|---|
| 008 | 160707b xxu||||| |||| 00| 0 eng d | ||
| 020 | _a13: 978-0-324-37915-0 | ||
| 020 | _a10: 0-324-37915-3 | ||
| 082 | _aDC 005.4 SM5e 2008 | ||
| 100 |
_910899 _aSmith, Gaylord N. |
||
| 245 |
_aExcel applications: _bfor accounting principles/ _cGaylord N. Smith. |
||
| 260 |
_aAustralia: _bThomson, _cc2008. |
||
| 300 |
_aix, 198 pages; _c26 cm. |
||
| 650 | 0 |
_910900 _aExcel applications _xMicrosoft office. |
|
| 942 |
_2ddc _cDC |
||
| 999 |
_c3266 _d3266 |
||